[Event "AUTO-OPEN-4635"]
[Site "http://www.queenalice.com/game.php?id=1868275"]
[Date "2026.1.21"]
[Round "1"]
[White "Takeda"]
[Black "andrevillares"]
[Result "1/2-1/2"]
[WhiteElo "2133"]
[BlackElo "2162"]

1. e4 c6 2. d4 d5 3. Nd2 dxe4 4. Nxe4 Bf5 5. Ng3 Bg6 6. Nf3 Nd7 7. Bd3 Bxd3 8.
Qxd3 Ngf6 9. O-O e6 10. Bg5 Be7 11. Rad1 Qc7 12. Rfe1 O-O 13. Ne4 Rfe8 14. c4 h6
15. Bh4 Nxe4 16. Qxe4 Bxh4 17. Nxh4 Nf6 18. Qf3 Rad8 19. h3 a6 20. Qc3 Qf4 21.
Nf3 Ne4 22. Qe3 Qxe3 23. Rxe3 Nf6 24. Ne5 c5 25. Red3 cxd4 26. Rxd4 Rxd4 27.
Rxd4 Re7 28. Kf1 Kf8 29. Ke2 Ke8 30. c5 Nd7 31. Nxd7 Rxd7 32. Ke3 Rxd4 33. Kxd4
Kd7 34. b4 Kc6 35. a4 f6 36. f4 g5 37. fxg5 hxg5 38. g4 b6 39. cxb6 Kxb6 40. Kc4
e5 41. Kd5 Kb7 42. Kc5 Kc7 43. Kd5 Kb6 44. Kc4 Kc6 45. Kc3 Kd5 46. Kd3 1/2-1/2

[Event "AUTO-MASTER-3294"]
[Site "http://www.queenalice.com/game.php?id=1868521"]
[Date "2026.1.26"]
[Round "1"]
[White "andrevillares"]
[Black "Takeda"]
[Result "1/2-1/2"]
[WhiteElo "2185"]
[BlackElo "2131"]

1. d4 g6 2. c4 Bg7 3. Nc3 Nf6 4. e4 d6 5. Bd3 O-O 6. Nge2 c5 7. O-O cxd4 8. Nxd4
Nc6 9. Nxc6 bxc6 10. h3 Qb6 11. Rb1 Rb8 12. Be3 c5 13. b4 Qc7 14. bxc5 Rxb1 15.
Nxb1 Ba6 16. cxd6 Qxd6 17. Qc2 Rc8 18. Bxa7 Qc7 19. Be3 Qa5 20. Nd2 Nd7 21. Nb3
Qc7 22. Rc1 Ne5 23. Bf4 Nf3+ 24. gxf3 Qxf4 25. c5 Bxd3 26. Qxd3 Be5 27. Kf1 Qh2
28. a4 Qxh3+ 29. Ke2 Qe6 30. a5 Bb2 31. Rc2 Be5 32. a6 Ra8 33. Ra2 h5 34. a7 Kg7
35. Qd5 Qxd5 36. exd5 h4 37. Nd2 Bd4 38. c6 Bb6 39. Kf1 Kf8 40. Nc4 Bc7 41. Ne3
Ke8 42. Kg2 Bb6 43. Nc4 Bc7 44. Ra6 Kd8 45. Kh3 g5 46. Na5 Bxa5 47. Rxa5 Kc7 48.
f4 f6 49. fxg5 fxg5 50. f4 gxf4 51. Kxh4 e5 52. Kg4 Kb6 53. Ra3 Rxa7 54. Rc3 Kc7
55. Kf5 Kd6 56. Rb3 Kxd5 57. Rb7 Ra8 1/2-1/2